| 000 | 00733nam a22002537a 4500 | ||
|---|---|---|---|
| 003 | OSt | ||
| 005 | 20260204125826.0 | ||
| 008 | 260204b |||||||| |||| 00| 0 eng d | ||
| 020 | _a978111963256 | ||
| 020 | _a978111963265 | ||
| 020 | _a978119632627 | ||
| 040 |
_aKABLIB _cKABLIB _erda |
||
| 082 |
_223 _a540.7 _bPOS |
||
| 100 |
_aPost ,Richard _915122 |
||
| 245 |
_aChemistry : _ba self teaching guide / _cRichard Post ,Chad A.Snyder ,Clifford C.Houk |
||
| 250 | _a3rd ed. | ||
| 260 |
_aCanada : _bJohn Wiley & Sons Inc. , _cc2020 . |
||
| 300 |
_axvi,413p. ; _bill. ; _c23cm |
||
| 504 | _aIncludes index . | ||
| 650 | _achemistry | ||
| 700 |
_aSnyder ,Chad A. _915123 |
||
| 700 |
_aHouk ,Clifford C. _915124 |
||
| 942 |
_2ddc _cBOOK |
||
| 999 |
_c5992 _d5992 |
||